| 000 | 00427nam a2200169Ia 4500 | ||
|---|---|---|---|
| 008 | 230524s9999 xx 000 0 und d | ||
| 082 |
_a620.11 _bRAM |
||
| 100 | _aS.C | ||
| 245 | 0 | _aEngineering Materials (Material Science) | |
| 250 | _a3RD | ||
| 260 |
_aNEW DELHI _bCharotor _c2005 |
||
| 300 | _aXIX;529 | ||
| 500 | _aQuantity Number: 163 | ||
| 650 | _aChemistry | ||
| 700 | _a"Rangwala , K.S.Rangwala,,," | ||
| 942 | _cBK | ||
| 999 |
_c32821 _d32821 |
||